Dějepis 7. [středověk] / [Sv. 1] :

Další autoři: Schulz, Jindřich, 1940-2022
Jazyk: Čeština
Vydáno: Olomouc : Prodos, c1998
Témata:
Fyzický popis: 112 s. : il., mapy ; 26 cm
Knihy
Uloženo v:
LEADER 00786nam a2200229 a 4500
001 000360653
003 CZ BrMZK
005 19980107143423.0
008 980107s1998 xr f cze d
020 |a 80-7230-009-1 
040 |a BOA001  |b cze 
080 |a 93/99(075.2)  |2 MRF 
080 |a 372.893(075.2)  |2 MRF 
245 0 0 |a Dějepis 7.  |n [Sv. 1] :  |b [středověk] /  |c Jindřich Schulz. 
260 |a Olomouc :  |b Prodos,  |c c1998 
300 |a 112 s. :  |b il., mapy ;  |c 26 cm 
653 0 |a dějepis  |a středověké dějiny 
700 1 |a Schulz, Jindřich,  |d 1940-2022  |7 jk01111162  |4 aut 
910 |a BOA001  |b PK-N-0034.128,1 
964 |a Dějepis  |x učebnice  |x školy základní 
990 |a BK 
996 7 |b 3119014243  |c PK-N-0034.128/1  |l MZK  |r Sklad / do 1 hodiny  |n 33  |p p.v.  |w 000360653  |u 000010  |a 1  |e BOA001  |j MZK50  |s A